FW De Klerk: (Record no. 799652)
[ view plain ]
| 000 -LEADER | |
|---|---|
| fixed length control field | 00472nam a22001817a 4500 |
| 003 - CONTROL NUMBER IDENTIFIER | |
| control field | 330010 |
| 005 - DATE AND TIME OF LATEST TRANSACTION | |
| control field | 20260603154903.0 |
| 008 - FIXED-LENGTH DATA ELEMENTS--GENERAL INFORMATION | |
| fixed length control field | 260603b sa ||||| |||| 00| 0 eng d |
| 020 ## - INTERNATIONAL STANDARD BOOK NUMBER | |
| International Standard Book Number | 9780947464363 |
| 040 ## - CATALOGING SOURCE | |
| Transcribing agency | 3228 |
| 082 #0 - DEWEY DECIMAL CLASSIFICATION NUMBER | |
| Classification number | 923.168 DEK |
| 100 ## - MAIN ENTRY--PERSONAL NAME | |
| 9 (RLIN) | 107172 |
| Personal name | De Klerk, Willem |
| 245 ## - TITLE STATEMENT | |
| Title | FW De Klerk: |
| Remainder of title | The Man In His Time |
| 250 ## - EDITION STATEMENT | |
| Edition statement | 1st Ed. |
| 260 ## - PUBLICATION, DISTRIBUTION, ETC. | |
| Place of publication, distribution, etc. | Parklands |
| Name of publisher, distributor, etc. | Jonathan Ball Publishers |
| Date of publication, distribution, etc. | 1991 |
| 300 ## - PHYSICAL DESCRIPTION | |
| Extent | 185 pages |
| Dimensions | 22 cm |
| 942 ## - ADDED ENTRY ELEMENTS | |
| Source of classification or shelving scheme | Dewey Decimal Classification |
| item type | Book |
| -- | 190 |
| -- | Dudu Mondlane |
| -- | 190 |
| -- | Dudu Mondlane |
| Withdrawn status | Lost status | Source of classification or shelving scheme | Damaged status | Not for loan | Collection code | Home library | Current library | Shelving location | Date acquired | Total Checkouts | Full call number | Barcode | Date last seen | Price effective from | item type |
|---|---|---|---|---|---|---|---|---|---|---|---|---|---|---|---|
| Dewey Decimal Classification | 900: History & Geography | Kanyamazane | Kanyamazane | Non Fiction | 03.06.2026 | 923.168 DEK | 33228020668495 | 03.06.2026 | 03.06.2026 | Book |